000 00510nam a22001697a 4500
005 20231124060440.0
008 231124b |||||||| |||| 00| 0 eng d
020 _a9789991684017
041 _aEnglish
082 _a341.48 HOP
100 _aHopwood, G
_lEnglish
245 _aGuide to Namibian Politics /
_cG Hopwood
260 _aWindhoek :
_bNamibia Institute for Democracy,
_c2008
300 _b336 pages ;
_c25 cm.
650 _aLegal practice
_bLaw
942 _cBK
_6ALISON_BN_VRIES
999 _c917
_d917